000
00352nam a2200157Ia 4500
100
_a
Mrozowski/ Michael
650
_a
Electromagnetics
942
_c
BK
366
_f
17.5
654
_a
electromagnetic
245
_a
Guided Electromagnetic waves
260
_b
prentice hall
_c
2008
082
_a
530.141/MRO
_b
MRO
546
_a
ENGLISH
999
_c
21524
_d
21524